LEADER 01174nam0 22002773i 450 001 VAN00248417 005 20240806101414.63 017 70$2N$a978-1-0716-1195-1 100 $a20220721d2021 |0itac50 ba 101 $aeng 102 $aUS 105 $a|||| ||||| 200 1 $aHandbook of High-Order Optical Modulations$eSignal and Spectra for Coherent Multi-Terabit Optical Fiber Transmission$fStefano Bottacchi 210 $aNew York$cSpringer$d2021 215 $aXVIII, 860 p.$cill.$d24 cm 620 $aUS$dNew York$3VANL000011 700 1$aBottacchi$bStefano$3VANV203376$0908047 712 $aSpringer $3VANV108073$4650 801 $aIT$bSOL$c20240906$gRICA 856 4 $uhttps://link.springer.com/book/10.1007/978-1-0716-1195-1$zE-book ? Accesso al full-text attraverso riconoscimento IP di Ateneo, proxy e/o Shibboleth 899 $aBIBLIOTECA CENTRO DI SERVIZIO SBA$2VAN15 912 $fN 912 $aVAN00248417 950 $aBIBLIOTECA CENTRO DI SERVIZIO SBA$d15CONS SBA EBOOK 9454 $e15EB 9454 20220721 996 $aHandbook of high-order optical modulations$92854032 997 $aUNICAMPANIA